Wiedza ogólna rozpoznaj piłkarza po zdjęciu - Statystyki

Ogólne statystyki
  • Ten quiz został rozwiązany 107 razy
  • Średni wynik to 29 z 50
Statystyki odpowiedzi
Obrazkowy Odpowiedź % Poprawnych
Michał Pazdan
88%
Sergio Ramos
88%
Luka Modrić
86%
Pepe
86%
Wayne Rooney
82%
Erling Haaland
81%
Karim Benzema
81%
Kevin De Bruyne
81%
Mesut Özil
81%
Gerard Pique
80%
Luis Suárez
78%
Romelu Lukaku
78%
Thomas Müller
78%
Manuel Neuer
77%
Ousmane Dembélé
76%
Paul Pogba
74%
Ronald Araùjo
74%
Iker Casillas
72%
Carles Puyol
70%
Zlatan Ibrahimović
69%
Ruud Gullit
66%
Sergio Busquets
64%
Grzegorz Lato
62%
Emmanuel Olisadebe
58%
Fernando Torres
58%
Yaya Toure
58%
Èric Cantona
51%
Ferenc Puskás
49%
Francesco Totti
47%
Lev Yashin
47%
Patrick Kluivert
46%
Deco
45%
Emmanuel Petit
45%
Ryan Giggs
45%
George Best
43%
Gennaro Gattuso
42%
Davor Šuker
41%
Carlos Alberto
39%
Nemanja Vidić
39%
Alfredo Di Stéfano
36%
Alessandro Del Piero
35%
Marco Van Basten
35%
Ruud Van Nistelrooy
35%
Dennis Bergkamp
32%
George Weah
32%
Robinho
32%
Romário
28%
Hernán Crespo
27%
Józef Młynarczyk
23%
Karl-Heinz Rummenigge
7%
Nie znaleziono quizów pasujących do podanych kryteriów
Rozkład punktacji
Procent ludzi z każdym wynikiem
Percentyl według liczby udzielonych odpowiedzi
Twoja historia wyników
Nie rozwiązałeś tego quizu